Shaka`s Children (Record no. 9402)
[ view plain ]
| 000 -LEADER | |
|---|---|
| fixed length control field | 00563nam a2200229 a 4500 |
| 020 ## - INTERNATIONAL STANDARD BOOK NUMBER | |
| ISBN | 0006384684 |
| 082 00 - DEWEY DECIMAL CLASSIFICATION NUMBER | |
| Classification number | 963.986 |
| Author Cutter | TAY |
| 100 ## - MAIN ENTRY--AUTHOR NAME | |
| Author name | Taylor, Stephen |
| 245 ## - TITLE STATEMENT | |
| Title | Shaka`s Children |
| 260 ## - PUBLICATION, DISTRIBUTION, ETC. (IMPRINT) | |
| Place of publication | London |
| Name of publisher | Collins Religious Pub. |
| Year of publication | 1994 |
| 300 ## - PHYSICAL DESCRIPTION | |
| Number of Pages | 416p |
| 500 ## - GENERAL NOTE | |
| General note | includes index and biblioraphy |
| 505 2# - FORMATTED CONTENTS NOTE | |
| Formatted contents note | Bibliography, Index |
| 942 ## - ADDED ENTRY ELEMENTS (KOHA) | |
| Koha item type | Books |
| 700 1# - | |
| -- | Taylor, Stephen |
| Collection code | Home library | Current library | Date acquired | Cost, normal purchase price | Full call number | Accession Number | Koha item type |
|---|---|---|---|---|---|---|---|
| Henry Martyn Institute Library | Henry Martyn Institute Library | 05/24/2005 | 0.00 | 963.986 TAY | 017420 | Books |
